| 000 | 00669nam a2200229Ia 4500 | ||
|---|---|---|---|
| 003 | GCL | ||
| 008 | 140319s9999 xx 000 0 ara d | ||
| 040 |
_aGCL / _cGCL |
||
| 082 | 0 | 4 |
_a759.962 _bع ف |
| 100 | 1 | _aعفت ناجى | |
| 245 | 1 | 0 |
_aمحمد ناجى ( 1888_1956) الفنان التأثيرى المصرى / _cعفت ناجى |
| 700 | 1 | _aالبعثة الفرنسية للبحوث والتعاو | |
| 260 |
_a[S.N] : _bالمؤلف ، _c1988 |
||
| 490 | _a | ||
| 650 | 0 | 4 | _aمصر |
| 650 | 0 | 4 | _aالفنانون |
| 650 | 0 | 4 | _aالفن |
| 650 | 0 | 4 | _aالرسم |
| 650 | 0 | 4 | _aالفن الحديث |
| 650 | 0 | 4 | _aمحمد ناجى |
| 942 |
_2ddc _cBK |
||
| 999 |
_c35665 _d35665 |
||